| Tag |
First Indicator |
Second Indicator |
Subfields |
| LEADER |
00000cam a2200000Ii 4500 |
| 001 |
in00004078708 |
| 005 |
20191021074930.0 |
| 006 |
m o d |
| 007 |
cr cnu---unuuu |
| 008 |
190329t20192019enkab ob 001 0 eng d |
| 020 |
|
|
|a 9781351256506
|q electronic book
|
| 020 |
|
|
|a 1351256505
|q electronic book
|
| 020 |
|
|
|a 9781351256520
|q electronic book
|
| 020 |
|
|
|a 1351256521
|q electronic book
|
| 020 |
|
|
|z 9781351256490
|q electronic book
|q Mobipocket
|
| 020 |
|
|
|z 1351256491
|q electronic book
|q Mobipocket
|
| 020 |
|
|
|a 9781351256513
|q electronic book
|q electronic book
|
| 020 |
|
|
|a 1351256513
|q electronic book
|q electronic book
|
| 020 |
|
|
|z 9780815367796
|
| 020 |
|
|
|z 0815367791
|
| 020 |
|
|
|z 9780815367802
|
| 020 |
|
|
|z 0815367805
|
| 024 |
8 |
|
|a 40029130947
|
| 035 |
|
|
|a (NhCcYBP)ybp15877745
|
| 040 |
|
|
|a NhCcYBP
|c NhCcYBP
|d UtOrBLW
|
| 050 |
|
4 |
|a TH880
|b .H795 2019
|
| 072 |
|
7 |
|a ARC
|x 022000
|2 bisacsh
|
| 072 |
|
7 |
|a ARC
|x 024010
|2 bisacsh
|
| 072 |
|
7 |
|a ARC
|x 015000
|2 bisacsh
|
| 072 |
|
7 |
|a ARC
|x 012000
|2 bisacsh
|
| 072 |
|
7 |
|a ARC
|x 000000
|2 bisacsh
|
| 072 |
|
7 |
|a ARC
|x 004000
|2 bisacsh
|
| 072 |
|
7 |
|a ARC
|x 009000
|2 bisacsh
|
| 072 |
|
7 |
|a AMD
|2 bicssc
|
| 082 |
0 |
4 |
|a 720/.472
|2 23
|
| 100 |
1 |
|
|a Hu, Ming,
|d 1975-
|e author.
|0 http://id.loc.gov/authorities/names/n2018064397
|
| 245 |
1 |
0 |
|a Net zero energy building :
|b predicted and unintended consequences /
|c Ming Hu.
|
| 264 |
|
1 |
|a Milton Park, Abingdon, Oxon ;
|a New York, NY :
|b Routledge,
|c 2019.
|
| 264 |
|
4 |
|c ©2019
|
| 300 |
|
|
|a 1 online resource.
|
| 336 |
|
|
|a text
|b txt
|2 rdacontent
|
| 337 |
|
|
|a computer
|b c
|2 rdamedia
|
| 338 |
|
|
|a online resource
|b cr
|2 rdacarrier
|
| 504 |
|
|
|a Includes bibliographical references and index.
|
| 545 |
0 |
|
|a Ming Hu is an Assistant Professor at the School of Architecture, Planning and Preservation, University of Maryland, USA. She teaches technology courseswhichfocus on the integration of architectural design with structural, materials, and building performance assessment. She is an architectural practitioner, educator, and researcher with expertise in high-performance building design, life cycle assessment, building performance measurement, and benchmarking. She has more than14 years' experience of working on international high-profile projectsin firms includingHOK's Washington, DC office. Her background includes training in the architectural discipline and years of practice across disciplines, which gives her a unique perspective and ability to weave these fields together in her research.
|
| 505 |
0 |
|
|a Cover; Half Title; Praise; Title Page; Copyright Page; Table of Contents; List of illustrations; Acknowledgments; Foreword; Preface; Chapter 1: The evolution of net zero energy building; Background and ecological origin: ecological economics; 1930-1969: early solar house; 1970-1989: first energy crisis and the emergence of net zero energy building; 1990-2006: second energy crisis and the consensus on net zero energy building; 2007-2010: financial crisis and rapid development of net zero energy building; 2011-2017: financial recovery and blooming of net zero energy building
|
| 505 |
8 |
|
|a 2018-beyond: net zero energy buildingConclusion; Chapter 2: Principles of zero: metrics and assessment; Existing definitions of net zero buildings; The equation behind the definitions; Existing energy calculation methods; Measurement metrics; Conclusion; Chapter 3: Predicted impact of net zero building; Trends and opportunities; Direct benefits of net zero building; Indirect benefits of net zero building; Cultural-social shift: impact on community; Conclusion; Chapter 4: Unintended consequences of net zero building from a life cycle perspective; Net energy and its ecological economic origin
|
| 505 |
8 |
|
|a Unintended consequence one: environmental impact associated with embodied energyUnintended consequence two: societal impact-more suburban sprawl and a green lifestyle?; Unintended consequence three: ecological degradation; Conclusion; Chapter 5: Future drivers and economics; Environmental drivers; Regulatory drivers: mandates, regulations, and incentives; Human health drivers; Technology drivers: smart building; Economic drivers: the cost debate; Conclusion; Chapter 6: Advanced building materials and systems: smart green building; Nanotechnology; Phase-changing technologies
|
| 505 |
8 |
|
|a Responsive materials and systemsConclusion; Chapter 7: Zero impact building: new framework based on life cycle assessment; Problems of existing net zero definitions; Life cycle energy assessment; Additional impact indicators; Proposed definition of net zero impact building from a life cycle perspective; Proposed evaluation framework for net zero impact building; Scenario analysis; Conclusion; Chapter 8: Carbon-neutral development and net zero impact building: case studies; Carbon-neutral city and district; Three case studies; Conclusion; Index
|
| 588 |
|
|
|a Description based on online resource; title from digital title page (viewed on May 28, 2019).
|
| 500 |
|
|
|a Electronic resource.
|
| 650 |
|
0 |
|a Sustainable construction.
|0 http://id.loc.gov/authorities/subjects/sh2009003365
|
| 650 |
|
0 |
|a Sustainable buildings.
|0 http://id.loc.gov/authorities/subjects/sh2003001382
|
| 650 |
|
0 |
|a Building
|x Social aspects.
|
| 650 |
|
0 |
|a Buildings
|x Environmental aspects.
|
| 655 |
|
7 |
|a Electronic books.
|2 local
|
| 710 |
2 |
|
|a Taylor & Francis.
|0 http://id.loc.gov/authorities/names/n84073022
|
| 776 |
1 |
8 |
|i Print version:
|a Hu, Ming, 1975-
|t Net zero energy building.
|d Milton Park, Abingdon, Oxon ; New York, NY : Routledge, 2019
|z 9780815367796
|w (DLC) 2018053250
|
| 856 |
4 |
0 |
|u http://proxy.library.tamu.edu/login?url=https://www.taylorfrancis.com/books/9781351256520
|z Connect to the full text of this electronic book
|t 0
|
| 955 |
|
|
|a YBP purchased approval e-records
|
| 980 |
|
|
|b 154.00
|g 1
|
| 999 |
f |
f |
|s a1c10fbc-1dda-3452-b3e8-d87fbaa3364c
|i 10cc6928-3409-3fcf-a892-aa211a877ed1
|t 0
|
| 952 |
f |
f |
|a Texas A&M University
|b College Station
|c Electronic Resources
|d Available Online
|t 0
|e TH880 .H795 2019
|h Library of Congress classification
|
| 998 |
f |
f |
|a TH880 .H795 2019
|t 0
|l Available Online
|